| 000 | 01200nam a2200229Ia 4500 | ||
|---|---|---|---|
| 003 | Ost | ||
| 005 | 20260507075342.0 | ||
| 008 | 260507s9999||||xx |||||||||||||| ||und|| | ||
| 020 | _a42464389779 | ||
| 040 | _cfsecg | ||
| 041 | _aara | ||
| 082 | _a330 | ||
| 100 |
_aنبيه، نسرين عبد الحميد _eمؤلف |
||
| 245 | 0 |
_aنظرية التجارة العالمية ومنظمة التجارة العالمية / _c نسرين عبد الحميد نبيه |
|
| 260 |
_aالإسكندرية: _bالمكتب الجامعي الحديث, _c2011 |
||
| 300 |
_a250 صفحة؛ _bإيضاحات ؛ _c24 سم |
||
| 520 | _aالتعريف بالمنظمة التجارة العالمية-ماهية منظمة التجارة العالمية- نشأة المنظمة وفلسفتها- إتفاقية الجات- نظريات التجارة الخارجية- مفهوم التجارة الخارجية وأهميتها- آثار اتفاقيات منظمة التجارة العالمية في الدول العربية | ||
| 653 | _aالتجارة الخارجية | ||
| 653 | _aالتجارة العالمية | ||
| 653 | _aمنظمة التجارة العالمية | ||
| 942 | _cكتاب | ||
| 999 |
_c44098 _d44098 |
||